书目信息 |
| 题名: |
中户型装修
|
|
| 作者: | ;理想宅编辑部 组编 | |
| 分册: | ||
| 出版信息: | 北京 机械工业出版社 2014 |
|
| 页数: | 132页 | |
| 开本: | 24cm | |
| 丛书名: | ||
| 单 册: | ||
| 中图分类: | TU767.7 | |
| 科图分类: | ||
| 主题词: | 住宅--室内装修--基本知识 , 住宅 , 室内装修 | |
| 电子资源: | ||
| ISBN: | 978-7-111-45636-0 | |
| 000 | 00961nam0 2200253 450 | |
| 001 | 141668 | |
| 005 | 20141111115254.01 | |
| 010 | @a978-7-111-45636-0@dCNY 34.00 | |
| 100 | @a20140709d2014 em y0chiy50 ea | |
| 101 | 0 | @achi |
| 102 | @aCN@b110000 | |
| 105 | @aa z 000yy | |
| 200 | 1 | @a中户型装修@9zhong hu xing zhuang xiu@b专著@f理想·宅编辑部组编 |
| 210 | @a北京@c机械工业出版社@d2014 | |
| 215 | @a132页@c彩图@d24cm | |
| 300 | @a家庭装修不求人 | |
| 330 | @a本书以中户型家居装修主要的装修流程为基础,包括户型定位、装修目的、市场调查、价格、分析、方案预备、风格选取、预算了解、公司选择、整体装修控制、细部装饰美化、材料选择与搭配等方面,全面而系统地介绍了一般家庭装修所需要掌握的专业知识。同时,配有相应户型的案例赏析。 | |
| 606 | 0 | @a住宅@x室内装修@x基本知识 |
| 606 | 0 | @a住宅 |
| 606 | 0 | @a室内装修 |
| 690 | @aTU767.7@v5 | |
| 711 | 02 | @a理想宅编辑部@9li xiang zhai bian ji bu@4组编 |
| 801 | 0 | @aCN@bZL@c20141111 |
| 905 | @a241430@dTU767.7@eL3541 | |
| 中户型装修/理想·宅编辑部组编.-北京:机械工业出版社,2014 |
| 132页:彩图;24cm |
| 家庭装修不求人 |
| ISBN 978-7-111-45636-0:CNY 34.00 |
| 本书以中户型家居装修主要的装修流程为基础,包括户型定位、装修目的、市场调查、价格、分析、方案预备、风格选取、预算了解、公司选择、整体装修控制、细部装饰美化、材料选择与搭配等方面,全面而系统地介绍了一般家庭装修所需要掌握的专业知识。同时,配有相应户型的案例赏析。 |
| ● |
| 相关链接 |
|
|
|
正题名:中户型装修
索取号:TU767.7/L3541
 
预约/预借
| 序号 | 登录号 | 条形码 | 馆藏地/架位号 | 状态 | 备注 |
| 1 | 0838620 | 208386209 | 建筑库201/201建筑库 48排2列4层/ [索取号:TU767.7/L3541] | 在馆 | |
| 2 | 0838621 | 208386218 | 建筑库201/201建筑库 48排2列4层/ [索取号:TU767.7/L3541] | 在馆 | |
| 3 | 0838622 | 208386227 | 建筑库201/201建筑库 48排2列4层/ [索取号:TU767.7/L3541] | 在馆 |